100 Greatest Artists According to the RollingStone Magazine - Statistics

General Stats
  • This quiz has been taken 133 times
  • The average score is 53 of 100
Answer Stats
# Song Hint Answer % Correct
3 Hound Dog Elvis Presley
97%
1 Let It Be The Beatles
96%
49 Rocket Man Elton John
94%
38 Imagine John Lennon
91%
9 Respect Aretha Franklin
87%
72 Back In Black AC/DC
86%
2 Like A Rolling Stone Bob Dylan
84%
27 When Doves Cry Prince
83%
4 Brown Sugar The Rolling Stones
80%
30 Come As You Are Nirvana
79%
97 Losing My Religion R.E.M
79%
70 Roxanne The Police
78%
18 Sexual Healing Marvin Gaye
76%
52 Don't Stop Me Now Queen
76%
5 Johnny B. Goode Chuck Berry
75%
83 Lose Yourself Eminem
75%
6 Purple Haze Jimi Hendrix
75%
15 Superstition Stevie Wonder
75%
92 Welcome to the Jungle Guns n' Roses
74%
51 Wish You Were Here Pink Floyd
73%
12 I Get Around The Beach Boys
73%
37 Oh, Pretty Woman Roy Orbison
72%
29 Baba O'Riley The Who
72%
35 Black or White Michael Jackson
71%
40 Mrs. Robinson Simon and Garfunkel
71%
59 Walk This Way Aerosmith
69%
14 Immigrant Song Led Zeppelin
69%
41 Riders on the Storm The Doors
69%
39 Heroes David Bowie
68%
23 Dancing In The Dark Bruce Springsteen
67%
95 Free Bird Lynyrd Skynyrd
67%
8 Tutti Fruitti Little Richard
66%
28 Shoud I Stay Or Should I Go The Clash
66%
63 What's Love Got to Do With It Tina Turner
66%
31 Hurt Johnny Cash
65%
10 Georgia On My Mind Ray Charles
65%
61 Enter Sandman Metallica
64%
73 Creep Radiohead
64%
91 Free Fallin' Tom Petty
63%
88 Empire State of Mind Jay-Z
62%
22 One U2
62%
42 Brown Eyed Girl Van Morrison
62%
85 Paranoid Black Sabbath
61%
11 Three Little Birds Bob Marley
61%
82 Bad Moon Rising Creedence Clearwater Revival
61%
24 Great Balls Of Fire Jerry Lee Lewis
61%
55 Cocaine Eric Clapton
60%
7 I Got You James Brown
59%
75 Take It Easy The Eagles
59%
46 Piece of My Heart Janis Joplin
58%
65 You Really Got Me The Kinks
58%
60 God Save the Queen The Sex Pistols
58%
68 My Girl The Temptations
58%
36 Hung Up Madonna
55%
26 I Wanna Be Sedated The Ramones
55%
25 Blueberry Hill Fats Domino
54%
48 It's Tricky Run-DMC
54%
90 Black Magic Woman Carlos Santana
53%
34 Heart of Gold Neil Young
53%
100 Psycho Killer Talking Heads
53%
77 Sabotage Beastie Boys
52%
66 Let's Stay Together Al Green
49%
67 Sunshine of Your Love Cream
49%
62 Big Yellow Taxi Joni Mitchell
49%
50 The Weight The Band
48%
86 California Love Tupac Shakur
48%
16 A Change Is Gonna Come Sam Cooke
46%
21 Stand By Me Otis Redding
45%
33 All I Have to Do is Dream The Everly Brothers
44%
99 Blue Suede Shoes Carl Perkins
41%
84 Fire and Rain James Taylor
41%
13 Everyday Buddy Holly
40%
45 Eight Miles High The Byrds
39%
80 She Elvis Costello
37%
79 I Can't Help Myself (Sugar Pie, Honey Bunch) The Four Tops
37%
56 The Next Episode Dr. Dre
34%
47 Redondo Beach Patti Smith
34%
53 Jessica The Allman Brothers Band
34%
78 I Wanna Be Your Dog The Stooges
27%
19 Femme Fatale The Velvet Underground
27%
17 Mannish Boy Muddy Waters
26%
57 Casey Jones Grateful Dead
25%
76 Will You Love Me Tomorrow The Shirelles
25%
94 The Hand That Feeds Nine Inch Nails
23%
96 Stop! In the Name of Love Diana Ross and the Supremes
22%
74 Hey, Good Lookin' Hank Williams
22%
32 The Tears of a Clown Smokey Robinson and the Miracles
22%
81 Under the Boardwalk The Drifters
21%
89 For Your Love The Yardbirds
20%
71 Bobby Brown Goes Down Frank Zappa
19%
20 I'm A Man Bo Diddley
18%
44 Harder Than You Think Public Enemy
18%
54 Smokestack Lightnin' Howlin' Wolf
16%
69 I Got the Sweetest Feeling Jackie Wilson
12%
98 The Wonder of You Curtis Mayfield
11%
93 Time is Tight Booker T. and the MGs
9%
58 Can You Get to That Parliament and Funkadelic
8%
64 To Love Him Is to Love Him Phil Spector
8%
87 Love Hurts Gram Parsons
5%
43 Everyday People Sly and the Family Stones
3%
No matching quizzes found
Score Distribution
Percent of People with Each Score
Percentile by Number Answered
Your Score History
You have not taken this quiz